| 000 | 01081cab a22001815a 4500 | ||
|---|---|---|---|
| 001 | L144850 | ||
| 008 | 080813s2008 xxko f 000 0 eng d | ||
| 035 | _a(Sirsi) u144850 | ||
| 041 | 0 | _aeng | |
| 245 | 0 | 0 | _aLets in the city |
| 260 | _c2008 | ||
| 490 |
_aAgreement _v15(4) August 2008, 34-35(2) |
||
| 520 | _aLooks at city centre lettings in light of the current economic downturn. States that the lettings market is growing as the residential sales market falls - a result of buyers waiting to see how low the market will fall and changing demographics. Letting agents are reporting increased activity as a new generation of 'accidental' landlords chose to let out their properties in the hope of future price rises. The article also explores the rise in short term lets of quality property and looks at the new trend of receivers appointing management agencies to let out properties reclaimed as a result of breaches of mortgage agreements. | ||
| 650 | 2 | 4 | _aCREDIT CRUNCH |
| 651 | 4 |
_aUnited Kingdom _y |
|
| 690 | _aPROPERTY-PROPERTY MANAGEMENT-MANAGING AGENTS | ||
| 942 | _n0 | ||
| 999 |
_c80614 _d80614 |
||